Normal view
MARC view
- Ian Richard Netton
Entry Personal Name
001 - CONTROL NUMBER
- control field: 9365
003 - CONTROL NUMBER IDENTIFIER
- control field: NUST
005 - DATE AND TIME OF LATEST TRANSACTION
- control field: 20180121160155.0
008 - FIXED-LENGTH DATA ELEMENTS
- fixed length control field: 180121|| aca||aabn | a|a d
040 ## - CATALOGING SOURCE
- Original cataloging agency: NUST
- Transcribing agency: NUST
100 ## - HEADING--PERSONAL NAME
- Personal name: Ian Richard Netton
670 ## - SOURCE DATA FOUND
- Source citation: Work cat.: (NUST)320955: Ian Richard Netton, Golden roads : migration, pilgrimage, and travel in mediaeval and modern Islam, 1993
